000 00665nam a22002057a 4500
999 _c4303
_d4303
003 AR-CdUCM
008 190308b ||||| |||| 00| 0 spa d
040 _aMUNICIPALIDAD PROVINCIAL DEL CUSCO
_cBIBLIOTECA MUNICIPAL DEL CUSCO
082 _a869.56 /
_bV37
100 _aVegas Seminario, Francisco
_97374
245 _aLa gesta del caudillo :
_bNovela histórica /
260 _aLima :
_bEdiciones Tawantinsuyu,
_c1961.
300 _a226 paginas ;
_c16 cm.
505 _aContenido :Novela histórica.
650 _aNovelas peruanas
_9545
650 _aLiteratura peruana
_9169
650 _aLiteratura del siglo xx
_97647
942 _2ddc
_cLIBROS
945 _arum